000 00450nam a2200181Ia 4500
001 9539
005 20260306161726.0
008 260306t1995||||xx |||||||||||||| ||spa||
041 _aESP
082 _a381.3
_bD98
100 _aDurand Carrión, Julio
_eAUT
245 0 _aTutela jurídica:
_bdel consumidor y de la competencia
260 _c1995
300 _a423 páginas :
_c21 cm.
650 _aGEN
654 _aCHU
942 _cLIB
_dJUS
_fJUS
_2ddc
_n
999 _c9539
_d9539